La jeunesse d´ André Gide
Guardado en:
| Hovedforfatter: | |
|---|---|
| Format: | Bog |
| Sprog: | Undetermined |
| Udgivet: |
París, Francia
Gallimard
1951
|
| Fag: | |
| Tags: |
Tilføj Tag
Ingen Tags, Vær først til at tagge denne postø!
|
MARC
| LEADER | 00000nam a2200000Ia 4500 | ||
|---|---|---|---|
| 008 | 170316s9999 xx 000 0 und d | ||
| 040 | |a cru BVZT | ||
| 090 | |a 840 D-7j | ||
| 100 | |a Delay, Jean | ||
| 245 | |a La jeunesse d´ André Gide | ||
| 260 | |a París, Francia | ||
| 260 | |b Gallimard | ||
| 260 | |c 1951 | ||
| 300 | |a 602 páginas | ||
| 650 | |a LITERATURA FRANCESA | ||
| 650 | |a BIOGRAFÍA | ||
| 999 | |c 7654 |d 7654 | ||
| 942 | |c 15 D |h 840 D-7j |2 z | ||
